|
|
|
|
| LEADER |
00754nab a2200193 i 4500 |
| 001 |
univ67461 |
| 005 |
20230914104800.0 |
| 008 |
230914s2023 hu o 0|| hun d |
| 040 |
|
|
|a SZTE UnivHistória Repozitórium
|b hun
|
| 041 |
|
|
|a hun
|
| 245 |
0 |
0 |
|a Rovarfogó és egzotikus növények napja lesz vasárnap a füvészkertben
|h [elektronikus dokumentum]
|
| 260 |
|
|
|c 2023-09-14
|
| 300 |
|
|
|a 6
|
| 490 |
0 |
|
|a Délmagyarország
|v 113 No. 215
|
| 561 |
|
|
|a Egyetemi hirarchívum
|
| 695 |
|
|
|a SZTE Füvészkert, Rendezvény - Rovarfogó Növények Napja
|
| 700 |
0 |
1 |
|a Frank Yvette
|
| 856 |
4 |
0 |
|u http://univ.bibl.u-szeged.hu/67461/1/Rovarfogo_imedias3.pdf
|z Dokumentum-elérés
|
| 856 |
4 |
0 |
|u http://univ.bibl.u-szeged.hu/67461/2/Rovarfogo_13731954.pdf
|z Dokumentum-elérés
|